Quizzes
Events
Quiz Creation
Community
Videos
Private Events
Remove Ads
Sign In
Join for FREE
Feedback
Dark Mode
Quiz Categories
Sports
Geography
Music
Movies
Television
Just For Fun
Miscellaneous
History
Literature
Language
Science
Gaming
Entertainment
Religion
Holiday
For Kids
Quiz Lab
Recent
Popular Today
Quiz Kudos Today
Editor Picks
Curator Picks
Quizzes by...
Day
Popularity
Type
Ratings
Length
Year
Community
Subscriptions
Recent Discussions
Orange Saloon
Badges
Playlists
Quests
Create
Leaderboards
Showdown
Live 5
Trivia Bingo
Activity
Puzzle Library
Sporcle Events
Private Events
Virtual Trivia
Globe League
Become a Host
Pub Owners
SporcleCon
Opinionation
Our Games
Videos
Blog
Mobile Apps
Partnerships
Remove Ads and Go Orange
Feedback
Sports
Athletes
MLB
NBA
NHL
NFL
Soccer
Sports Teams
WWE
NCAA
Football
Premier League
Basketball
Baseball
Hockey
Golf
Tennis
Cricket
Rugby
Auto Racing
Olympics
World Cup
Sports
Athletes
MLB
NBA
NHL
NFL
Soccer
Sports Teams
WWE
NCAA
Football
Premier League
Basketball
Baseball
Hockey
Golf
Tennis
Cricket
Rugby
Auto Racing
Olympics
World Cup
Random Quiz
Search Sporcle
×
Quiz Lab
Quiz Lab
Sports
NFL
Type in answers that appear in a list
Type in answers that appear in a list
Classic
Best Score? Go Orange.
QBs to pass for 4,500 yards in a season Stats
Can you name the QBs to pass for 4,500 yards in a single season?
By
Jake72698
5m
34 Questions
5,480 Plays
5,480 Plays
5,480 Plays
Comments
Comments
Give Quiz Kudos
Give Quiz Kudos
-
- Ratings
hide this ad
Forced Order
Answers have to be entered in order
Answers have to be entered in order
Replay
Link that replays current quiz
Next Quiz
Link to next quiz in quiz playlist
You Got
0%
They Got
Avg Score
87%
Avg Friend Score
Upgrade to see
Score Distribution
Jump to the score distribution portion of the page
Score
0/34
Timer
05:00
0
Plays Today
Yards
Player
% Correct
5,476
Drew Brees
99.7%
5,235
Tom Brady
99.3%
5,177
Drew Brees
98.1%
5,069
Drew Brees
97.8%
4,933
Eli Manning
97.6%
5,084
Dan Marino
97.2%
4,903
Tony Romo
97%
4,827
Tom Brady
96.9%
4,806
Tom Brady
96.9%
5,038
Matthew Stafford
96.7%
4,967
Matthew Stafford
96.3%
4,700
Peyton Manning
94.6%
4,746
Dan Marino
94.4%
4,830
Kurt Warner
94.1%
4,719
Matt Ryan
94.1%
4,620
Drew Brees
93.3%
4,643
Aaron Rodgers
93.2%
Yards
Player
% Correct
4,624
Phillip Rivers
91.6%
4,659
Peyton Manning
91.5%
4,710
Phillip Rivers
91.3%
4,557
Peyton Manning
90.7%
4,500
Peyton Manning
89.6%
4,770
Matt Schaub
87.4%
4,717
Daunte Culpepper
85.9%
4,583
Kurt Warner
85.3%
4,555
Drew Bledsoe
82.9%
4,689
Rich Gannon
79.9%
4,802
Dan Fouts
78.1%
4,715
Dan Fouts
77.6%
4,690
Warren Moon
74.8%
4,689
Warren Moon
74.1%
4,591
Trent Green
64.5%
4,526
Jay Cutler
60.7%
4,614
Neil Lomax
17.7%
Quiz Playlist
Details
Report
Send in Message
Add To Playlist
Classic:
Type in answers that appear in a list
Forced Order:
Answers have to be entered in order
Last Updated: Jul 14, 2017
Quiz Scoreboard
CHALLENGE
Sign Up to Join the Scoreboard
Show All
Scores
Hide
Comments
May contain spoilers
Recently Published
Movies - When Are They Set?
by FPL_Elf
Movies
5m
Popular People in 1961
by mucciniale
History
6m
1-10 Letter E Words III
by El_Dandy
Language
2m
More to Explore
Quiz From the Vault
Featured Blog Post
Where Did the Easter Bunny Come From?
hide this ad
You Might Also Like...
Tags
NFL Quiz
Passing
Passing Leaders
Passing Yards
QB Rating
Rushing Quarterbacks
Yards Single
Today's Top Quizzes in Sports
Browse Sports
hide this ad
Today's Top Quizzes in NFL
Browse NFL
Top Contributed Quizzes in Sports
1
Les meilleurs buteurs des matchs entre le PSG et l’OM
2
Les entraîneurs de l'OM et du PSG au 21e siècle
3
FIFA Club World Cup Champions
4
2022 World Cup Stars
5
Name the Premier League winners with different clubs
6
La finale Lions - Afrique du Sud 2021
7
Criteria MLB: Left Handed Sluggers
8
Players with Multiple 50 Home Run Seasons
9
MLB Players with Two .350 Batting Average Seasons
10
MLB Hall of Famer by Rings
Explore More
Trending Topics
NBA
Disney
Kpop
Marvel
Crossword
Harry Potter
Anime
NFL
WWE
Song
Country
Soccer
The Office
Puzzle
Pokémon
hide this ad
More By:
Jake72698
Quiz
Plays
Rating
Category
Featured
Created
U.S. Cities By Championships All-Time
233,487
1.39
Sports
May 31, 2014
Most Sports Championships by Cities (Big 4 Sports)
19,599
1.70
Sports
Oct 18, 2016
NCAA Men's Basketball Preseason Top 25 (Coaches Poll)
17,005
4.76
Sports
Oct 20, 2012
QBs to pass for 4,500 yards in a season
5,480
3.75
Sports
Jan 5, 2013
2012 Euro Cup Teams Minefield
5,031
3.86
Sports
Jun 9, 2012
Go to Creator's Profile
Score Distribution
Quiz Creator Spotlight
Jake72698
Follow
Send a Message
Quizzes Created
-
Created Quiz Play Count
-
More By This Creator
Popular Quizzes Today
1
Find the US States - No Outlines Minefield
2
Find the Countries of Europe - No Outlines Minefield
3
The Countries of the World
4
Popular People in 1961
5
1-10 Letter E Words III
6
US States
7
Find the US States
8
One Thing in Common: World Cities II
More Sports Quizzes
Find the USWNT 2019 World Cup Players
Published
Trending Quizzes
Risky Map Clicking: Least Populous States A-Z
1-10 Letter F Words
1-10 Letter G Words
One Thing in Common: United Kingdom
Risky Map Clicking: Next State Alphabetically
Recently Updated
Leaping Animals
pecheneg
Reality TV Shows (A-Z)
bhenderson79
Rickey Henderson's Hall of Fame Teammates
pecheneg
Champions League XIs: Arsenal
pecheneg
Quick Pick: Celebrities in WWE's Hall of Fame
aduchscher
A-Z Keypad Blitz II
pecheneg
Multiple Oscar Actors
pecheneg
Mystery Phrase Blitz: Oscar 'Best Actors'
pecheneg
F. Scott Fitzgerald Novels
LTH
Pick 3 Villains
ddd62291
Trending Topics
Marvel
Disney
NBA
Crossword
Kpop
Anime
Harry Potter
Pokémon
NFL
The Office
Puzzle
Country
Song
Soccer
WWE
Your Account Isn't Verified!
In order to create a playlist on Sporcle, you need to verify the email address you used during registration. Go to your
Sporcle Settings
to finish the process.
Report this User
Report this user for behavior that violates our
Community Guidelines
.
Details:
Send Report
Go to the Sporcle.com Mobile Site →
Comments